000 01228nam a2200301 4500
001 14249
003 BD-RjUL
005 20211208235609.0
008 140205r1967 us a b 000 0 eng d
035 _aBD-RjUL 14301
040 _aBD-RjUL
_beng
_cBD-RjUL
_dBD-RjUL
041 _aeng
082 _a621.3815
_bSTC 1967
110 2 _aTexas Instruments Incorporated.
_9161895
245 1 0 _aCircuit design for audio, AM/FM, and TV /
_cPrepared by the engineering staff of Texas Instruments Incorporated. Edited by Wm. A. Stover. Contributors: K. G. Cherry [and others]
260 _aNew York :
_bMcGraw-Hill,
_c1967
300 _axi, 352 p :
_bill . ;
_c26 cm
500 _a"Originally published by the Texas Instruments Microlibrary as two separate paperback books, 'Audio and AM/FM circuit design handbook' and 'Television circuit design handbook.'"
504 _aIncludes bibliographies
650 0 _aTransistor amplifiers
_944516
650 0 _aTransistor radios
_944517
650 0 _aTransistor television receivers
_944518
700 1 _aCherry, K. G.
_944519
700 1 _aStover, William A.
_944520
830 0 _aElectronics series (Texas Instruments Incorporated)
_9204202
942 _2ddc
_cBK
999 _c14249
_d14249